000 00518nam a22001817a 4500
003 NUST - PNEC
005 20170116180917.0
008 150904b xxu||||| |||| 00| 0 eng d
020 _a-
040 _cLIBRARY
082 _a621.31042 MEE
100 _97509
_aMee, R. A.
245 _aElectrical installation work : solutions to examination questions, City & Guilds (Course B) papers 1 & 2
_cR. A. Mee
250 _a2nd ed.
260 _cc.1970
650 _97514
_aElectrical engineering
_xEL
942 _2ddc
_cBK
999 _c65494
_d65494